000 00244nam a2200097Ia 4500
001 665488
005 20250826160251.0
008 250824s9999 xx 000 0 und d
245 0 _aSerüven Avcıları Gizli Plan
_cJeanne Birdsall
260 _bALTIN
999 _c665488
_d665488